01326 a2200217 4500020001500000020001800015082001500033090001500048100002100063245005500084250001200139260003400151300002100185500001500206520057100221856007900792856008400871942002800955999001900983952010601002 a0071426523 a978007142652704a332.632042 c3027d30271 aLuca, Cornelius.10aTechnical analysis applications /cCornelius Luca. a1st ed. a[S.l.] :bMcGraw-Hill,c2004. a329 p. ;c24 cm. aHardcover. aWhile investors are naturally curious about the documented successes of technical analysis, many find themselves stymied by the density of most books on the subject. Technical Analysis Applications is one of the first books to make the entire subject cohesive, practical, and understandable. It covers the use of technical analysis in a variety of markets—stocks, futures, bonds, and currencies—and situations, and provides in-depth details on trends and trend patterns, characteristics and uses of popular charts, and much mo 3Amazon.comuhttp://www.amazon.com/exec/obidos/ASIN/0071426523/chopaconline 3Amazon customer reviewsuhttp://www.chopac.org/cgi-bin/tools/azrev.pl?q=0071426 aNBScBKk332.632042 LUC c345517d345517 00104070aCLbCLd2013-08-28l1m1o332.632042 LUCpNBS7003r2022-02-03s2017-08-08w2013-08-28yBK